| 000 | nam a22 7a 4500 | ||
|---|---|---|---|
| 999 |
_c129385 _d129385 |
||
| 008 | 190403b xxu||||| |||| 00| 0 eng d | ||
| 020 | _a9781441189318 | ||
| 050 | _aLB880.F732I78 2012 | ||
| 100 |
_aIrwin, Jones _945785 |
||
| 245 |
_aPaulo Freire's Philosophy of Education _borigins, developments, impacts and legacies _cJones Irwin |
||
| 260 |
_aNew York _bContinuum _c2012 |
||
| 300 |
_a233p. ; _c24cm. |
||
| 600 |
_aFreire, Paulo, 1921-1997 _xCriticism and interpretation _945786 |
||
| 650 |
_aEducation _xPhilosophy _945787 |
||
| 650 |
_aCritical pedagogy _945759 |
||
| 942 |
_2lcc _cMONOGRAPH |
||